The Lancashire witches (Record no. 45080)
[ view plain ]
| 000 -LEADER | |
|---|---|
| fixed length control field | 01491nam a2200337Ia 4500 |
| 082 04 - DEWEY DECIMAL CLASSIFICATION NUMBER | |
| Classification number | 133.430942764509032 |
| 245 04 - TITLE STATEMENT | |
| Title | The Lancashire witches |
| 260 ## - PUBLICATION, DISTRIBUTION, ETC. (IMPRINT) | |
| Place of publication | Manchester ; |
| -- | New York : |
| Name of publisher | Manchester University Press ; |
| Place of publication | New York : |
| Name of publisher | Distributed exclusively in the USA by Palgrave, |
| Year of publication | 2002. |
| 300 ## - PHYSICAL DESCRIPTION | |
| Number of Pages | xiv, 226 p. : |
| Other physical details | facsim. |
| 500 ## - GENERAL NOTE | |
| General note | Eight of the ten essays are from a conference held Apr. 23-24, 1999 at St. Martin's College. |
| 650 #0 - SUBJECT ADDED ENTRY--TOPICAL TERM | |
| Topical Term | Trials (Witchcraft) |
| Topical Term | Witchcraft |
| 700 1# - ADDED ENTRY--PERSONAL NAME | |
| Personal name | Poole, Robert. |
| 856 40 - ELECTRONIC LOCATION AND ACCESS | |
| Uniform Resource Identifier | http://site.ebrary.com/lib/rucke/Doc?id=10074851 |
No items available.
